|
|
|
|
| LEADER |
00000nab a2200000 a 4500 |
| 001 |
vtls010060296 |
| 003 |
SK-MaSNL |
| 005 |
20260304162838.0 |
| 008 |
250507c2009 xo zr|p|||||||000 b|slo |
| 015 |
|
|
|a SNBRB2010/02
|2 snkbucl
|
| 035 |
|
|
|a (uuid)1817e4e3-e669-450e-b137-538c124065a0
|
| 035 |
|
|
|a urn:nbn:sk:snk-abaccq
|
| 035 |
|
|
|a (urnnbn)urn:nbn:sk:snk:ar-008er3
|
| 038 |
|
|
|a SNKBUCL
|
| 040 |
|
|
|a SNKBUCL
|b slo
|c SNKBUCL
|e AACR2
|
| 041 |
0 |
|
|a slo
|
| 044 |
|
|
|a xo
|c SK
|
| 080 |
|
|
|a 72.071.1:711.5:719
|2 2001
|
| 080 |
|
|
|a 719:721:72.071.1
|2 2001
|
| 100 |
1 |
|
|a Vodrážka, Peter,
|d 1952-
|4 aut
|9 219110
|
| 245 |
1 |
0 |
|a Tvorba architekta v historickom prostredí
|c Peter Vodrážka, Jarmila Lalková
|
| 300 |
|
|
|b Fotogr.
|
| 650 |
0 |
7 |
|a historické prostredie
|2 snkbucl
|9 639510
|
| 650 |
0 |
7 |
|a pamiatkovo chránené územia
|2 snkbucl
|9 206142
|
| 650 |
0 |
7 |
|a mestské pamiatkové zóny
|2 snkbucl
|9 68291
|
| 650 |
0 |
7 |
|a architekti
|2 snkbucl
|9 2959
|
| 700 |
1 |
|
|a Lalková, Jara,
|d 1942-
|4 aut
|9 8778
|
| 773 |
0 |
|
|t Eurostav
|g Roč. 15, č. 12 (2009), s. 14-17
|x 1335-1249
|
| 850 |
|
|
|a Slovenská národná knižnica
|
| 852 |
|
|
|a Slovenská národná knižnica
|
| 954 |
|
|
|a odborná, vedecká literatúra pôvodná (slovenská)
|2 lita
|
| 958 |
|
|
|a article14
|
| 958 |
|
|
|a OND
|
| 958 |
|
|
|a EUIPO
|
| 999 |
|
|
|c 2975708
|d 2977638
|